00941nam a22002658a 450000500170000000800410001701000140005802000260007203500130009803700150011104000180012608200160014424501400016026000400030027000800034030000290042065000290044965000370047865000340051565000340054965000270058370000260061070000180063670000210065420090619154334.0090528s2009 cau 000 0 eng  aENG-94134 a9788132101710c695.00 aEN-77667 bDBAD / PUB adplbEnglish  a305.2350954 aIndian youth in a transforming world: attitudes and perceptions /cedited by Peter Ronald deSouza , Sanjay Kumar [and] Sandeep Shastri. aNew Delhi bSage Publicationsc2009 aBI/I-1 Mohan Cooprative Industrial Area, Mathura Road, bNew Delhi e110044 axxix, 176p. c26cm(pbk)  aYouthzIndiaxAttitudes. aYouthzIndiaxSocial conditions. aYouthzIndiaxPublic opinion. aAdolescent psychologyzIndia. aPublic opinionzIndia. adeSouza, Peter Ronald aKumar, Sanjay aShastri, Sandeep